000
00295nam a22001097a 4500
008
160620b xxu||||| |||| 00| 0 eng d
100
_a
Waston, T. F
_9
83
245
_a
Making sure of Maths
260
_a
Edinburgh Holmes mc dougall
_b
MC Dougall
_c
1970
300
_a
Making sure of Maths
942
_2
ddc
_c
BK
999
_c
67
_d
67